A frustrating state of affairs (Record no. 79161)

MARC details
000 -LEADER
fixed length control field 01264cab a22002295a 4500
001 - CONTROL NUMBER
control field L140015
008 - FIXED-LENGTH DATA ELEMENTS--GENERAL INFORMATION
fixed length control field 070829e20070705xxk f 000 0 eng d
035 ## - SYSTEM CONTROL NUMBER
System control number (Sirsi) u140015
041 0# - LANGUAGE CODE
Language code of text/sound track or separate title eng
100 1# - MAIN ENTRY--PERSONAL NAME
Personal name Atkinson, Daniel
245 02 - TITLE STATEMENT
Title A frustrating state of affairs
260 ## - PUBLICATION, DISTRIBUTION, ETC.
Date of publication, distribution, etc. 2007
490 #0 - SERIES STATEMENT
Series statement Construction News
Volume/sequential designation (7025) 5 July 2007, 22(1)
520 ## - SUMMARY, ETC.
Summary, etc. Examines the doctrine of frustration of contract and the problems it can cause with some standard forms of contracts. Frustration of contract occurs when an event beyond the control of either party makes it impossible for either to fulfil their contractual obligations. Notes that the NEC 3 form of contract is of little practical use in the event of frustration (clause 91.5), and illustrates this point with discussion of "Edwinton Commercial Corporation v Tsavliris Russ" ([2007] EWCA Civ 547, unreported).
590 ## - LOCAL NOTE (RLIN)
Local note KA
650 24 - SUBJECT ADDED ENTRY--TOPICAL TERM
Topical term or geographic name entry element NEW ENGINEERING CONTRACT (THIRD EDITION)
650 24 - SUBJECT ADDED ENTRY--TOPICAL TERM
Topical term or geographic name entry element ICE CONDITIONS OF CONTRACT 7TH EDITION
650 24 - SUBJECT ADDED ENTRY--TOPICAL TERM
Topical term or geographic name entry element EDWINTON COMMERCIAL CORPORATION AND ANOTHER V TSAVLIRIS RUSS (WORLDWIDE SALVAGE AND TOWAGE) LTD
651 #4 - SUBJECT ADDED ENTRY--GEOGRAPHIC NAME
Geographic name England and Wales
Chronological subdivision 1543-
690 ## - LOCAL SUBJECT ADDED ENTRY--TOPICAL TERM (OCLC, RLIN)
Topical term or geographic name as entry element BUILT ENVIRONMENT-CONSTRUCTION MANAGEMENT-BUILDING CONTRACT ADMINISTRATION
942 ## - ADDED ENTRY ELEMENTS (KOHA)
Suppress in OPAC 0
Holdings
Withdrawn status Lost status Source of classification or shelving scheme Damaged status Not for loan Home library Current library Shelving location Date acquired Total Checkouts Full call number Barcode Date last seen Copy number Price effective from Koha item type
    Dewey Decimal Classification     London London Journal article 29/08/2007   L140015 140015-1001 06/08/2019 1 06/08/2019 Journal article